Prepositions in Idioms Quiz Stats

 Plays Quiz Updated Mar 4, 2019

Score 0/20 Timer 03:00
53 Plays Today
% Correct
Than
97.3%
Out
96.8%
In
96%
Like
94.9%
From
94.8%
On
94.8%
Over
94.7%
Through
94.3%
Of
93.8%
Under
93.7%
% Correct
Before
93.3%
With
93.1%
To
92.4%
As
91.8%
Off
91.5%
By
91.1%
For
90.1%
Up
88.8%
About
87.8%
At
84.6%

You're not logged in!

Compare scores with friends on all Sporcle quizzes.
OR
Log In

Sporcle TV

Today on Sporcle TV


Watch our educational content, quiz creation guides, and fun videos on Sporcle TV.

Show Comments

Extras

Top Quizzes Today


Score Distribution

Your Account Isn't Verified!

In order to create a playlist on Sporcle, you need to verify the email address you used during registration. Go to your Sporcle Settings to finish the process.

Report this User

Report this user for behavior that violates our Community Guidelines.

Details: